Normal view
MARC view
- Syed Ahmed Hussain Naqvi, Syed Qambar Ahmed Rizvi, Maria Aftab
Entry Personal Name
001 - CONTROL NUMBER
- control field: 4198
003 - CONTROL NUMBER IDENTIFIER
- control field: NUST
005 - DATE AND TIME OF LATEST TRANSACTION
- control field: 20170824155556.0
008 - FIXED-LENGTH DATA ELEMENTS
- fixed length control field: 170824|| aca||aabn | a|a d
040 ## - CATALOGING SOURCE
- Original cataloging agency: NUST
- Transcribing agency: NUST
100 ## - HEADING--PERSONAL NAME
- Personal name: Syed Ahmed Hussain Naqvi, Syed Qambar Ahmed Rizvi, Maria Aftab
670 ## - SOURCE DATA FOUND
- Source citation: Work cat.: (NUST): Syed Ahmed Hussain Naqvi, Syed Qambar Ahmed Rizvi, Maria Aftab, BA-ILM: Business analytics for industrial IOT using LoRa Mesh, 2017
